000 01055nam a22001937a 4500
999 _c69224
_d69224
005 20251125233111.0
008 s2555 th ||||| |||| 00| 0 tha d
040 _aNALT
090 _aIS 6/2555 2
100 0 _aคณะผู้ศึกษา GP กลุ่มที่ 2
245 1 0 _aการพัฒนาสำนักงานเลขาธิการสภาผู้แทนราษฎร เพื่อเตรียมความพร้อมเข้าสู่ประชาคมอาเซียน
260 3 _aกรุงเทพฯ :
_bรัฐสภา,
_c2555
300 _a55 หน้า :
_b ภาพประกอบ, ตาราง ;
_c 30 ซม.
650 0 4 _aสำนักงานเลขาธิการสภาผู้แทนราษฎร -- การพัฒนาองค์การ -- วิจัย
850 _aNALT
856 4 0 _uhttps://hdl.handle.net/20.500.14156/368396
942 _cIS
_2local